Nahjul Balagha / (Record no. 219427)
[ view plain ]
| 000 -LEADER | |
|---|---|
| fixed length control field | 00459 a2200181 4500 |
| 003 - CONTROL NUMBER IDENTIFIER | |
| control field | Nust |
| 005 - DATE AND TIME OF LATEST TRANSACTION | |
| control field | 20230221101217.0 |
| 022 ## - INTERNATIONAL STANDARD SERIAL NUMBER | |
| International Standard Serial Number | 9693100778 |
| 040 ## - CATALOGING SOURCE | |
| Transcribing agency | Nust |
| 082 ## - DEWEY DECIMAL CLASSIFICATION NUMBER | |
| Classification number | 297,JAF |
| 100 ## - MAIN ENTRY--PERSONAL NAME | |
| Personal name | Jaffri, Syed Raees Ahmed |
| 9 (RLIN) | 109287 |
| 245 ## - TITLE STATEMENT | |
| Title | Nahjul Balagha / |
| Statement of responsibility, etc. | Syed Raees Ahmed Jaffri, |
| 260 ## - PUBLICATION, DISTRIBUTION, ETC. | |
| Place of publication, distribution, etc. | Lahore |
| Name of publisher, distributor, etc. | Ghulam Ali & Sons |
| Date of publication, distribution, etc. | 1981 |
| 300 ## - PHYSICAL DESCRIPTION | |
| Extent | 806 p |
| 650 ## - SUBJECT ADDED ENTRY--TOPICAL TERM | |
| Topical term or geographic name entry element | Islamic History |
| 9 (RLIN) | 24120 |
| 651 ## - SUBJECT ADDED ENTRY--GEOGRAPHIC NAME | |
| Geographic name | Nahj Ul Balagha |
| 9 (RLIN) | 109288 |
| 942 ## - ADDED ENTRY ELEMENTS (KOHA) | |
| Source of classification or shelving scheme | |
| Koha item type | Book |
| Withdrawn status | Lost status | Source of classification or shelving scheme | Damaged status | Not for loan | Permanent Location | Current Location | Shelving location | Date acquired | Full call number | Barcode | Date last seen | Price effective from | Koha item type | Public note |
|---|---|---|---|---|---|---|---|---|---|---|---|---|---|---|
| Military College of Signals (MCS) | Military College of Signals (MCS) | General Stacks | 12/12/2016 | 297,JAF | MCS26534 | 12/08/2016 | 12/12/2016 | Book | Almirah No.63, Shelf No.2 |
